000 00780nam a2200205 a 4500
001 000041470
005 20201002034922.0
008 131007s2001 sp ab 000 0 spa d
020 _z8400047907
040 _aDO-SdBNP
_bspa
_cBNPHU
082 _axxx
_bM244h
100 1 _aMaldonado Polo, J. Luis
_968154
245 1 4 _aLas huellas de la razón :
_bla expedición científica de Centroamérica(1795-1803) /
_cJ. Luis Maldonado Polo.
260 _aMadrid :
_bConsejo Superior de Investigaciones Cientficas,
_c2001.
300 _a575 p. :
_bil., maps ;
_c21 cm.
490 1 _aEstudios sobre la ciencia
_v27
500 _aIncluye referencias bibliográficas y notas al pie de las páginas.
504 _aBibliografía: p. 557-575
830 0 _aEstudios sobre la ciencia, 27
_n27
_968155
999 _c40960
_d40960